000 00525cam a22002174a 4500
005 20250605164255.0
008 250528s ||||||||||||||||||||||||d
035 _a21888
020 _a9780471262725
040 _aGR-AtMCL
_bgre
_dGR-AtMCL
_eAACR2
245 1 _aOPERATING SYSTEM CONCEPTS
250 _a6
260 _bWiley,
_c2003
300 _a951
700 1 _aGagne Greg
_97367
700 1 _aGalvin Peter Baer
_97783
700 1 _aSilberschatz Abraham
_91853
942 _cBK
999 _c6946
_d6946